Newrope čaká nás nová Európa? : [Nitrianska galéria, 22. sept.-13. nov. 2016
| Main Author: | |
|---|---|
| Other Authors: | , |
| Format: | Book |
| Language: | Slovak English German |
| PhysicalDescription: | [139] s. fotogr. 1 CD ROM |
| Published: |
Nitra
Nitrianska galéria
2016
|
| ISBN: | 9788085746709 |
| Subjects: |
MARC
| LEADER | 00000nam a2200000 a 4500 | ||
|---|---|---|---|
| 001 | vtls011628034 | ||
| 003 | SK-MaSNL | ||
| 005 | 20260301094250.0 | ||
| 008 | 200104s2016 xo o e c 000 0 slo | ||
| 015 | |a SNBE2018 | ||
| 020 | |a 9788085746709 |q (hrebeňová väzba) | ||
| 035 | |a urn:nbn:sk:snk-am00d2mt | ||
| 035 | |a urn:nbn:sk:snk-am3hjld | ||
| 035 | |a A7EA0D33-E6EA-4E52-BBA7-930D80F790F1 | ||
| 040 | |a SNK |b slo |c SNK |e AACR2 | ||
| 041 | 0 | |a slo |a eng |a ger | |
| 043 | |a e------ | ||
| 044 | |a xo |c SK | ||
| 072 | 7 | |a 72/76 |x Výtvarné umenie |2 konspekt | |
| 080 | |a 72/76(4) |2 2011 | ||
| 080 | |a 77.04 |2 2011 | ||
| 080 | |a 7.036/.038 |2 2011 | ||
| 080 | |a 7.04 |2 2011 | ||
| 080 | |a (4) |2 2011 | ||
| 080 | |a (083.824) |2 2011 | ||
| 245 | 0 | 0 | |a Newrope |b čaká nás nová Európa? : [Nitrianska galéria, 22. sept.-13. nov. 2016 |c kurátor: Omar Mirza ; texty: Omar Mirza a archív umelcov ; preklady: Omar Mirza, Marián Minárik ; fotografie: Daša Barteková ... [et al.]] |
| 260 | |a Nitra |b Nitrianska galéria |c 2016 | ||
| 300 | |a [139] s. |b fotogr. |e 1 CD ROM | ||
| 366 | |e 300 kusov | ||
| 500 | |a Výstava sa konala v spolupráci s Medzinárodným festivalom Divadelná Nitra | ||
| 546 | |a Súbežný text v angl. a čiast. text v nem. | ||
| 648 | 7 | |a 21. stor. |2 SNKPH |9 304714 | |
| 648 | 7 | |a 21st century |2 SNKPHeng |9 303236 | |
| 650 | 0 | 7 | |a európske výtvarné umenie |2 SNKPH |9 69361 |
| 650 | 0 | 7 | |a umelecká fotografia |2 SNKPH |9 29370 |
| 650 | 0 | 7 | |a moderné umenie |2 SNKPH |9 68456 |
| 650 | 0 | 7 | |a námety, témy a motívy |2 SNKPH |9 2883 |
| 650 | 0 | 7 | |a European art |2 SNKPHeng |9 328417 |
| 650 | 0 | 7 | |a Artistic photography |2 SNKPHeng |9 311568 |
| 650 | 0 | 7 | |a Modern art |2 SNKPHeng |9 294689 |
| 650 | 0 | 7 | |a Themes and motives |2 SNKPHeng |9 284413 |
| 651 | 7 | |a Európa |2 SNKPH |9 167569 | |
| 651 | 7 | |a Europe |2 SNKPHeng |9 56249 | |
| 655 | 7 | |a katalógy výstav |2 SNKPH |9 70445 | |
| 655 | 7 | |a Exhibition catalogs |2 SNKPHeng |9 266232 | |
| 700 | 1 | |a Mirza, Omar M. |d 1981- |4 aut |4 cur |4 trl |9 329872 | |
| 700 | 1 | |a Minárik, Marián, |d 1962- |4 trl |9 112800 | |
| 700 | 1 | |a Barteková, Daša |4 pht |9 155515 | |
| 852 | |a Akadémia umení v Banskej Bystrici | ||
| 919 | |a 978-80-85746-70-9 | ||
| 999 | |c 679749 |d 681679 | ||
| 952 | |a SNK |b SNK |y PREZ |7 0 |p 17A1258121 |o snkSB 91493 |i snk2017/10496 |8 0 |0 0 |1 0 |4 0 |d 2017-05-09 |f 1 |l 0 |r 2025-05-14 00:00:00 |w 2026-02-23 | ||
| 952 | |a SNK |b SNK |y PREZ |7 0 |p 17A1258122 |o snkSB 91493/príl. |i snk2017/10496 |8 0 |3 Príloha: 1 CDr |z Príloha: 1 CDr |0 0 |1 0 |4 0 |d 2017-05-09 |f 2 |l 0 |r 2025-05-14 00:00:00 |w 2026-02-23 | ||
| 952 | |a SNK |b SNK |y VYP |7 0 |p 17A1258123 |o snkSB 91493 D1 |i snk2017/10498 |8 0 |0 0 |1 0 |4 0 |d 2017-05-09 |l 0 |r 2026-02-23 19:53:32 |w 2026-02-23 | ||
| 952 | |a SNK |b SNK |y PREZ |7 0 |p 17A1258124 |o snkSB 91493/príl. D1 |i snk2017/10498 |8 0 |3 Príloha: 1 CDr |z Príloha: 1 CDr |0 0 |1 0 |4 0 |d 2017-05-09 |l 0 |r 2026-02-23 19:53:32 |w 2026-02-23 | ||


